LEADER 01104nam a2200277 i 4500 001 000000159902 003 CaOOAMICUS 005 20230301093228.0 008 070503s1986 it u000 u ita u 040 $aSeMil$bita 100 1 $aHoratius Flaccus, Quintus,$d<65-8 a.C.>.$0(OLS)http://semarc/name/3361 245 10$aOdi, Epodi /$cQuinto Orazio Flacco ; a cura di Mario Ramous. 264 1$aMilano :$bGarzanti,$c1986. 300 $aLI, 473 p. ;$c18 cm. 490 1 $aI grandi libri Garzanti ;$v333 650 4$aOrazio Flacco, Quinto <65-8 a.C.> . Odi.$0(OLS)http://semarc/subject/4195 700 1 $aRamous, Mario.$0(OLS)http://semarc/name/42048 830 2$aI grandi libri Garzanti ;$v333.$0(OLS)http://semarc/title/9892 850 $aSeMil 852 $aSeMil$W1$xVenegono$y1$m1X II 201$j237869$B111420$CSeMilBibl$Z2$F124548 $81 900 1 $aOrazio. 961 $aLascito: Chierichetti mons. Giovanni 996 $6245$aOdi, Epodi$9(OLS)http://semarc/title/142222 996 $6264$aMilano :$bGarzanti$9(OLS)http://semarc/publisher/29852 LEADER 00478nab a2200145 i 4500 001 000000305702 003 CaOOAMICUS 005 20180831172843.0 008 180831n it uu u0 0ita r 013 $a13943 040 $aSeMil$bita 245 10$aItinerari ATISM, 41. 710 2 $aAssociazione teologica italiana per lo studio della morale.$0(OLS)http://semarc/name/2260 773 0 $t[vedi periodico].$gp.629-637$w()267738 996 $6245$aItinerari ATISM, 41.$9(OLS)http://semarc/title/381303